| 000 | 00746nam a2200181 a 4500 | ||
|---|---|---|---|
| 001 | BRCA_1325 | ||
| 005 | 20190320203357.0 | ||
| 008 | 741031s1967 mx-#---###---#000-0#spa-# | ||
| 050 | 4 |
_aF1226 _b.C84 1967 |
|
| 100 | 1 |
_aCuevas, Mariano _d1879-1949 _94340 |
|
| 245 | 1 | 0 |
_aHistoria de la Nación Mexicana _cMariano Cuevas. |
| 260 |
_aMéxico _bPorrúa _c1967 |
||
| 300 |
_axxix, 1090 p. _c24 cm. |
||
| 504 | _aBibliografía: p. XIII-XIV | ||
| 505 | 0 | _aObra dividida en 4 libros : Libro primero precortesianas. -- Libro segundo dominación española en México. -- Libro tercero México Independiente (5 - 80), (81 - 379), (380-715). -- Libro cuarto De la Revoluación de Ayutla a nuestros días. | |
| 651 | 4 |
_aMéxico _xHistoria _9614 |
|
| 942 |
_2lcc _cB |
||
| 999 |
_c1189 _d1189 |
||